Noʼamim mefursamim ba-hisṭoryah. (Record no. 33288)

MARC details
000 -LEADER
fixed length control field 00628cam a22002291 4500
001 - CONTROL NUMBER
control field he 68001406
003 - CONTROL NUMBER IDENTIFIER
control field DLC
005 - DATE AND TIME OF LATEST TRANSACTION
control field 20260227111458.0
008 - FIXED-LENGTH DATA ELEMENTS--GENERAL INFORMATION
fixed length control field 840306s1964 is 000 0 heb
010 ## - LIBRARY OF CONGRESS CONTROL NUMBER
LC control number he 68001406
035 ## - SYSTEM CONTROL NUMBER
System control number (OCoLC)19139519
040 ## - CATALOGING SOURCE
Original cataloging agency DLC
Transcribing agency MH
Modifying agency DLC
042 ## - AUTHENTICATION CODE
Authentication code premarc
050 00 - LIBRARY OF CONGRESS CALL NUMBER
Classification number PN4057
Item number .N4
100 1# - MAIN ENTRY--PERSONAL NAME
Personal name Nedava, Joseph.
245 10 - TITLE STATEMENT
Title Noʼamim mefursamim ba-hisṭoryah.
260 ## - PUBLICATION, DISTRIBUTION, ETC.
Place of publication, distribution, etc. Tel Aviv :
Name of publisher, distributor, etc. M. Mizraḥi,
Date of publication, distribution, etc. [1964]
300 ## - PHYSICAL DESCRIPTION
Extent 330 p. :
Other physical details ill., facsim., ports. ;
Dimensions 25 cm.
500 ## - GENERAL NOTE
General note Added t.p.: Famous orators in history.
610 20 - SUBJECT ADDED ENTRY--CORPORATE NAME
Corporate name or jurisdiction name as entry element Oratorians.
752 ## - ADDED ENTRY--HIERARCHICAL PLACE NAME
Country or larger entity Israel
City Tel Aviv

No items available.

Powered by Koha